| 000 | 05238nas1a22004691i 4500 | ||
|---|---|---|---|
| 001 | RU\NLR\INFOCOMM15\1000137766 | ||
| 005 | 20240726043314.0 | ||
| 035 | _a(NLR Aleph) 002595766 | ||
| 090 |
_a3399553 _c3399553 |
||
| 100 | _a20040617b19661968|||y0rusy50 ca | ||
| 101 | 0 | _arus | |
| 102 | _aRU | ||
| 110 | _azyu||||0|y0 | ||
| 200 | 1 |
_aПереводы иностранной литературы _iСерия: Полупроводниковые приборы. Микроэлектроника _fМ-во электронной пром-сти СССР. Центр. науч.-исслед. ин-т техн.-экон. исследований в науч. информации |
|
| 210 |
_aМ. _d1966-1968 |
||
| 309 | _aОтпеч. множит. аппаратом | ||
| 311 | _aС 1968 г. изд. разделилось на две серии: ... Серия: Полупроводниковые приборы (ш. П51/585) и ... Серия: Микроэлектроника (ш. П51/583) | ||
| 446 | 1 |
_12001#$aПереводы иностранной литературы$iСерия: Полупроводниковые приборы _1852##$aNLR$jП51/585 _tПереводы иностранной литературы |
|
| 446 | 1 |
_12001#$aПереводы иностранной литературы$iСерия: Микроэлектроника _1852##$aNLR$jП51/583 _tПереводы иностранной литературы |
|
| 801 | 1 |
_aRU _bInfoComm _c20040617 |
|
| 801 | 0 |
_aRU _bNLR _gPSBO |
|
| 801 | 2 |
_aRU _bNLR _c20070319 _2rusmarc |
|
| 852 |
_aNLR _jП10/3410 |
||
| 942 | _cSE | ||
| 980 | _aRUSPER | ||